000 03488cam a22007214i 4500
003 PE-LiUPU
005 20250731172847.0
008 070618s2007 mauab rbd 001 0 eng
020 _a9004151001
_q(Colección Completa)
020 _a900416281X
_q(volumen 1)
020 _a9004162828
_q(volumen 2)
020 _a9004162836
_q(volumen 3)
020 _a9004162844
_q(volumen 4)
020 _a9789004151000
_q(Colección Completa)
020 _a9789004162815
_q(volumen 1)
020 _a9789004162822
_q(volumen 2)
020 _a9789004162839
_q(volumen 3)
020 _a9789004162846
_q(volumen 4)
035 _a(Sirsi) i9789004151000
040 _aDLC
_beng
_cDLC
_dBAKER
_dBTCTA
_dC#P
_dYDXCP
_dOCLCQ
_dOXF
_dOCLCO
_dOCLCF
_dCFT
_dOCLCQ
_dPE-LiUPU
_erda
041 1 _aeng
_hger
049 _aPRUA
082 0 0 _a200.3
_bB8
_222
245 1 4 _aThe Brill dictionary of religion /
_cedited by Kocku von Stuckrad ; revised edition of Metzler Lexikon Religion edited by Christoph Auffarth, Jutta Bernard and Hubert Mohr ; translated from the German by Robert R. Barr.
250 _aRev. ed.
300 _a4 volumenes :
_bilustraciones ;
_c25 centímetros
336 _atext
_btxt
_2rdacontent
337 _aunmediated
_bn
_2rdamedia
338 _avolume
_bnc
_2rdacarrier
505 0 _avolumen 1. A-D -- volumen 2. E-L -- volumen 3. M-R -- volumen 4. S-Z.
526 _aSEG42
526 _aSEG41
526 _aSEG40
526 _aSEG39
526 _aP94
526 _aP87
526 _aP86
526 _aP85
526 _aP77
526 _aP76
526 _aP35
534 0 _gTítulo original :
_tMetzler Lexikon Religion.
650 0 _aReligión
_vDiccionarios.
650 7 _aReligión.
_95128
655 7 _aDiccionarios.
700 1 _aStuckrad, Kocku von,
_d1966- ,
_editor.
856 4 1 _3Tabla de contenido
_uhttp://catdir.loc.gov/catdir/toc/ecip0721/2007025325.html
910 _ajck
_bebj
_cebj
_d20160601
942 _2ddc
_cBOOK
949 _a200.3 B8 1
_wDEWEY
_c1
_i73373
_lCCODEBUL1
_mBUL
_p24.75
_r0
_sY
_tBOOK
_u2016-6-1
_xTEOLOGIA
_PP85
_0COMPRA
_o.STAFF. Colección General Teología
949 _a200.3 B8 2
_wDEWEY
_c1
_i73374
_lCCODEBUL1
_mBUL
_p24.75
_r0
_sY
_tBOOK
_u2016-6-1
_xTEOLOGIA
_PP85
_0COMPRA
_o.STAFF. Colección Teología
949 _a200.3 B8 3
_wDEWEY
_c1
_i73375
_lCCODEBUL1
_mBUL
_p24.75
_r0
_sY
_tBOOK
_u2016-6-1
_xTEOLOGIA
_PP85
_0COMPRA
_o.STAFF. Colección Teología
949 _a200.3 B8 4
_wDEWEY
_c1
_i73376
_lCCODEBUL1
_mBUL
_p24.75
_r0
_sY
_tBOOK
_u2016-6-1
_xTEOLOGIA
_PP85
_0COMPRA
_o.STAFF. Colección Teología
994 _aC0
_bPEPRU
856 4 1 _3Tabla de contenido
_uhttp://catdir.loc.gov/catdir/toc/ecip0721/2007025325.html
596 _a1
999 _a200.3 B8 1
_wDEWEY
_c9698
_i73373
_d9698
_f2021-11-9
_g5
_lCCODEBUL1
_mBUL
_p24.75
_q2
_r0
_sY
_tBOOK
_u2016-6-1
_xTEOLOGIA
_PP85
_0COMPRA
_o.STAFF. Colección Teología
999 _a200.3 B8 2
_wDEWEY
_c1
_i73374
_f2021-11-9
_g5
_lCCODEBUL1
_mBUL
_p24.75
_r0
_sY
_tBOOK
_u2016-6-1
_xTEOLOGIA
_PP85
_0COMPRA
_o.STAFF. Colección Teología
999 _a200.3 B8 3
_wDEWEY
_c1
_i73375
_f2021-11-9
_g5
_lCCODEBUL1
_mBUL
_p24.75
_r0
_sY
_tBOOK
_u2016-6-1
_xTEOLOGIA
_PP85
_0COMPRA
_o.STAFF. Colección Teología
999 _a200.3 B8 4
_wDEWEY
_c1
_i73376
_d2020-1-23
_f2021-11-9
_g5
_lCCODEBUL1
_mBUL
_p24.75
_q1
_r0
_sY
_tBOOK
_u2016-6-1
_xTEOLOGIA
_PP85
_0COMPRA
_o.STAFF. Colección Teología
264 _aLeiden ; Boston :
_bBrill,
_c2007.
980 _81
_gALBERTO SANCHEZ Responsable de Automatización